Health, Human Rights and Ethics (Record no. 1848507)

MARC details
000 -LEADER
fixed length control field 00533nam a22001937a 4500
005 - DATE AND TIME OF LATEST TRANSACTION
control field 20260424121159.0
008 - FIXED-LENGTH DATA ELEMENTS--GENERAL INFORMATION
fixed length control field 260424b |||||||| |||| 00| 0 eng d
037 ## - SOURCE OF ACQUISITION
Terms of availability DSWL
040 ## - CATALOGING SOURCE
Original cataloging agency DSWL
Transcribing agency DSWL
041 ## - LANGUAGE CODE
Language code of original eng
084 ## - COLON CLASSIFICATION NUMBER
Classification number LOaW:5 Q7
100 ## - MAIN ENTRY--PERSONAL NAME
Personal name Sangwan, Ramesh Kumar
9 (RLIN) 940433
245 ## - TITLE STATEMENT
Title Health, Human Rights and Ethics
260 ## - PUBLICATION, DISTRIBUTION, ETC.
Place of publication, distribution, etc. Jaipur,
Name of publisher, distributor, etc. Rawat Publication,
Date of publication, distribution, etc. 2017
300 ## - PHYSICAL DESCRIPTION
Extent 206p
365 ## - TRADE PRICE
Price type code INR
Price amount 760
942 ## - ADDED ENTRY ELEMENTS (KOHA)
Source of classification or shelving scheme Colon Classification (CC)
Koha item type Textual
Classification part LOaW:5 Q7
Suppress in OPAC No
Holdings
Withdrawn status Lost status Source of classification or shelving scheme Damaged status Not for loan Home library Current library Date acquired Source of acquisition Cost, normal purchase price Total Checkouts Full call number Barcode Date last seen Price effective from Koha item type
    Colon Classification (CC)     Department of Social Work Library Department of Social Work Library 2026-04-24 Standard Book House 760.00   LOaW:5 Q7 SW0032413 2026-04-24 2026-04-24 Textual
Copyright @ Delhi University Library System